| 000 | 01058cam a2200265 4500 | ||
|---|---|---|---|
| 008 | 020219n2002 000 0 eng u | ||
| 020 | _a1840149299 | ||
| 035 | _a(Sirsi) u116745 | ||
| 041 | _aeng. | ||
| 050 | _a711.1 | ||
| 100 | _aMurdoch, J. | ||
| 100 | _aAbram, S. | ||
| 245 | _aRationalities of planning: development versus environment in planning for housing | ||
| 260 |
_aAldershot _bAshgate _c2002 |
||
| 300 |
_ax,163p. _c23cm. |
||
| 350 | _a37.50 | ||
| 520 | _aReviews planning policy in the UK. Examines the impact of the recent shift from a 'developmental' rationality to a rationality of 'sustainable development' at the national, regional and legal tiers of planning for housing. Considers whether planning for sustainable development can provide a satisfactory basis upon which to re-establish contemporary planning. | ||
| 650 | _aPLANNING POLICY | ||
| 650 |
_aEnvironment _96238 |
||
| 650 | _aDEVELOPMENT | ||
| 650 | _aSUSTAINABLE DEVELOPMENT | ||
| 650 | _aHOUSING | ||
| 690 |
_aPlanning and development _96259 |
||
| 942 | _n0 | ||
| 999 |
_c101893 _d101893 |
||